ბათუმის შოთა რუსთაველის სახელმწიფო უნივერსიტეტის ბიბლიოთეკა

მარკეტინგის საფუძვლები : (ბიბ.ჩანაწერი № 41952)

000 -ლიდერი
ფიქსირებული სიგრძის საკონტროლო ველი 01291nam a2200253Ia 4500
001 - საკონტროლო ნომერი
საკონტროლო ველი 8636
003 - საკონტროლო ნომრის იდენტიფიკატორი
საკონტროლო ველი GE_BSU
005 - ბოლო ოპერაციის თარიღი და დრო
საკონტროლო ველი 20211213133005.0
008 - ფიქსირებული სიგრძის მონაცემთა ელემენტები - ზოგადი ინფორმაცია
ფიქსირებული სიგრძის საკონტროლო ველი 181216s2011 xx |||||||||||||| ||geo||
020 ## - წიგნის საერთაშორისო სტანდარტული ნომერი
International Standard Book Number 9789941091632
040 ## - კატალოგიზაციის წყარო
Transcribing agency GE_BSU
041 ## - ენის კოდი
Language code of text/sound track or separate title geo
080 ## - უნივერსალური ათობითი კლასიფიკაციის ინდექსი
Universal Decimal Classification number 339.138(042.4) მ-25
100 ## - მთავარი ჩანაწერი - პიროვნების სახელი
Personal name მამულაძე, გელა
9 (RLIN) 13273
245 ## - ცნობა სათაურის შესახებ
Title მარკეტინგის საფუძვლები :
Remainder of title ლექციების კურსი /
Statement of responsibility, etc გელა მამულაძე ; [მეცნ.-რედ. დევი შონია, სარედ. კოლ.: ციური დურული [და სხვ.].
264 ## - წარმოების, გამოცემის, დისტრიბუციის და სხვა ცნობები
გამოცემის, წარმოების, დისტრიბუციის... ადგილი თბილისი :
გამოცემის, წარმოების, დისტრიბუციის... სახელწოდება შპს "ლაშა ხვიჩიას სტამბა
გამოცემის, წარმოების, დისტრიბუციის... თარიღი 2011.
300 ## - ფიზიკური აღწერა
Extent 481 გვ.:
Dimensions 20 სმ.
504 ## - BIBLIOGRAPHY, ETC. NOTE
Bibliography, etc ბიბლიოგრ.: გვ. 479-480.
653 ## - INDEX TERM--UNCONTROLLED
Uncontrolled term მარკეტინგის საფუძვლები
653 ## - INDEX TERM--UNCONTROLLED
Uncontrolled term მარკეტინგი - ლექციების კურსი
700 ## - ADDED ENTRY--PERSONAL NAME
Personal name შონია, დევი
Relator term მეცნიერ რედაქტორი
9 (RLIN) 13274
700 ## - ADDED ENTRY--PERSONAL NAME
Personal name დურული, ციური
Relator term სარედაქციო კოლეგია
9 (RLIN) 13275
942 ## - ADDED ENTRY ELEMENTS (KOHA)
Koha item type წიგნი
Source of classification or shelving scheme
ეგზემპლარები
ჩამოწერის სტატუსი დაკარგული ეგზემპლარის სტატუსი კლასიფიკაციის წყარო ან თაროზე გაწყობის სქემა დაზიანების სტატუსი არ გაიცემა მუდმივი მდებარეობა (დაცვის ადგილი) ამჟამინდელი ადგილსამყოფელი თაროზე განთავსების ადგილი შეძენის თარიღი ღირებულება, შესყიდვის ნორმალური ფასი სრული შენახვის შიფრი შტრიხკოდი ბოლო ოპერაციის თარიღი ეგზემპლარის მიმდევრობითი ნომერი (კეტერი?) ფასის ძალაში შესვლის თარიღი ეგზემპლარის სახეობა საჯარო შენიშვნა
          ბათუმის შოთა რუსთაველის სახელმწიფო უნივერსიტეტის მთავარი ბიბლიოთეკა ბათუმის შოთა რუსთაველის სახელმწიფო უნივერსიტეტის მთავარი ბიბლიოთეკა წიგნსაცავი 2018-12-17 18.00 339.138(042.4) მ-25 26749 2018-12-17 26749 2018-12-17 წიგნი 18.00